Global Cuisine - MCQs - Statistics

General Stats
  • This quiz has been taken 20 times
  • The average score is 10 of 15
Answer Stats
Question Answer % Correct
Italian
100%
Indian
89%
Chinese
89%
Turkish
84%
Japanese
79%
Mexican
79%
Nigerian
74%
South African
68%
Greek
68%
French
63%
Brazilian
53%
British
47%
Thai
47%
Polish
47%
Russian
26%
No matching quizzes found
Score Distribution
Percent of People with Each Score
Percentile by Number Answered
Your Score History
You have not taken this quiz